Movilizaciones sociales: ¿nuevas ciudadanías? Reclamos, derechos, Estado en Argentina, Bolivia y Brasil
Αποθηκεύτηκε σε:
| Κύριος συγγραφέας: | |
|---|---|
| Μορφή: | Βιβλίο |
| Γλώσσα: | Ισπανικά |
| Έκδοση: |
Buenos Aires
Biblos
2009
|
| Έκδοση: | 1a. ed |
| Θέματα: | |
| Ετικέτες: |
Προσθήκη ετικέτας
Δεν υπάρχουν, Καταχωρήστε ετικέτα πρώτοι!
|
MARC
| LEADER | 00000nam a2200000 a 4500 | ||
|---|---|---|---|
| 001 | UCG6759 | ||
| 003 | CL-VaPUC | ||
| 008 | 110520e20090000AG |||||||||||||||||spa|d | ||
| 020 | |a 9789507867668 | ||
| 082 | 0 | 4 | |a 323 |b DEL |2 21 |
| 100 | 0 | |a Delamata, Gabriela |e author |9 557126 | |
| 245 | 1 | 0 | |a Movilizaciones sociales: ¿nuevas ciudadanías? Reclamos, derechos, Estado en Argentina, Bolivia y Brasil |
| 250 | |a 1a. ed | ||
| 300 | |a 341 p | ||
| 942 | |c BK | ||
| 945 | |d 20110520 00:00:00 |a dcastane | ||
| 260 | |a Buenos Aires |b Biblos |c 2009 | ||
| 650 | 0 | |a Derechos civiles |9 255655 | |
| 650 | 0 | |a Derechos humanos |9 223025 | |
| 650 | 0 | |a Libertad |9 255686 | |
| 583 | |a last modification |c 20110520 00:00:00 |k Rodrigo Vera | ||
| 999 | |c 344902 |d 344900 | ||
| 952 | |0 0 |1 0 |4 0 |6 323_000000000000000_DEL_2009 |7 0 |8 A |9 443254 |a BIBGIM |b BIBGIM |d 2019-11-22 |i 4778308 |o 323 DEL 2009 |p 4778308 |r 2025-01-15 |w 2019-11-22 |y BK |k SSL | ||